Контроллер с дистанционной модификацией программ; Схемотехника; № 2

Dades bibliogràfiques
Parent link:Схемотехника: научно-технический журнал.— , 2002-2007
№ 2.— 2003.— С. 33-35
Autor principal: Вальпа О. Олег
Idioma:rus
Publicat: 2003
Col·lecció:Цифровая техника
Matèries:
Format: MixedMaterials Capítol de llibre
KOHA link:https://koha.lib.tpu.ru/cgi-bin/koha/opac-detail.pl?biblionumber=385453

MARC

LEADER 00000naa2a2200000 4500
001 385453
005 20231101063354.0
035 |a (RuTPU)RU\TPU\prd\13334 
090 |a 385453 
100 |a 20030506a2003 k y0rusy50 ca 
101 0 |a rus 
102 |a RU 
200 1 |a Контроллер с дистанционной модификацией программ  |f О. Вальпа 
225 1 |a Цифровая техника 
461 1 |0 (RuTPU)RU\TPU\prd\2494  |t Схемотехника  |o научно-технический журнал  |d 2002-2007 
463 1 |0 (RuTPU)RU\TPU\prd\13058  |t № 2  |v С. 33-35  |d 2003 
610 1 |a контроллеры 
610 1 |a дистанционная модификация 
610 1 |a модификация 
610 1 |a программы 
610 1 |a производство 
610 1 |a автоматизация 
700 1 |a Вальпа  |b О.  |g Олег 
801 1 |a RU  |b 63413507  |c 20030506  |g PSBO 
801 2 |a RU  |b 63413507  |c 20161007  |g RCR 
942 |c BK